Statistics for The Tortured Poets Department all tracks

Click here to take the quiz!

General Stats

  • This quiz has been taken 801 times
  • The average score is 24 of 31

Answer Stats

Answer% Correct
Fortnight
98%
The Tortured Poets Department
95%
So Long, London
92%
Down Bad
89%
The Black Dog
89%
I Can Do It With a Broken Heart
87%
Clara Bow
86%
Florida!!!
86%
The Manuscript
86%
But Daddy I Love Him
85%
Peter
84%
The Alchemy
84%
loml
81%
My Boy Only Breaks His Favorite Toys
79%
Who’s Afraid Of Little Old Me?
78%
The Smallest Man Who Ever Lived
77%
Cassandra
76%
Guilty As Sin?
76%
Robin
75%
The Albatross
75%
So High School
74%
thanK you aIMee
72%
I Can Fix Him(No Really I Can)
70%
Fresh Out The Slammer
69%
The Bolter
66%
imgonnagetyouback
61%
I Hate It Here
58%
The Prophecy
58%
Chloe or Sam or Sophia or Marcus
55%
How Did It End?
52%
I Look in People's Windows
44%

Score Distribution

Percentile by Number Answered

Percent of People with Each Score

Your Score History

You have not taken this quiz